000 00621nam a2200193Ii 4500
003 JO-AjNU
008 230605s9999||||xx |||||||||||||| ||und||
040 _aJO-AjNU
_bara
_erda
_cJO-AjNU
041 _aara
050 1 4 _aPJ7808.A27 2004
100 3 _aتصدير الدهان،سامي ؛ دراسة زهير ميرزا,
_eauthor
_911608
245 0 0 _aديوان إيليا أبو ماضي
264 3 1 _aبيروت:دار العودة،2004
300 _a690ص
336 _atext
_btxt
_2rdacontent
337 _aunmediated
_bn
_2rdamedia
338 _avolume
_bnc
_2rdacarrier
650 4 _aالشعر العربي
_911609
999 _aA2412
_c5980
_d5980